000 00589nam a22002297a 4500
003 UA-OsUOA
001 88471
007 ta
008 20121005b un ||||| |||| 00| 0 ukr d
100 _aФедоров А.И.
090 _a82.09
_bФ 33
942 _cBK
040 _aUA-OsUOA
_brus
_cUA-OsUOA
_dUA-OsUOA
245 _aОбразная речь
300 _a117 с.
955 _a0
041 _arus
080 _a82.09
260 _aНовосибирск
_bНаука
_c1985
650 7 _a82 Література. Літературознавство
_2UDC
999 _c374298
_d374298